The awkward age

Gorde:
Xehetasun bibliografikoak
Egile nagusia: Henry James
Formatua: Liburua
Hizkuntza:Undetermined
Argitaratua: London Everyman's Library 1993
Gaiak:
Etiketak: Etiketa erantsi
Etiketarik gabe, Izan zaitez lehena erregistro honi etiketa jartzen!
Thư viện lưu trữ: Trung tâm Học liệu Trường Đại học Cần Thơ
LEADER 00491nam a2200181Ia 4500
001 CTU_36021
008 210402s9999 xx 000 0 und d
082 |a 813.4 
082 |b J27a 
100 |a Henry James 
245 4 |a The awkward age 
245 0 |c Henry James 
260 |a London 
260 |b Everyman's Library 
260 |c 1993 
650 |a american fiction,american literature - 19th century 
904 |i Minh, 000406 
980 |a Trung tâm Học liệu Trường Đại học Cần Thơ